000 00877nam a22001337a 4500
040 _cRUA
082 _aAVM KHU 2010 B090 Or.1
100 _aKHUN, CHHARIN.
245 _aeffect of using meat and bone meal in concentrate on growing quail at the animal experimental station of royal university of agriculture (ឥទ្ធិពលនៃការប្រើប្រាស់ម្សៅសាច់ និង ឆ្អឹងក្នុងចំណីផ្សំ នៅលើការលូតលាស់របស់ក្រួចសាច់នៅស្ថានីយចិញ្ចឹមសត្វនៃសាកលវិទ្យាល័យភូមិន្ទកសិកម្ម)
260 _aPhnom Penh
_bRUA
_c2010
300 _ax, 45p.
_bill.
_c29cm.
856 _uhttps://drive.google.com/file/d/1l3_J-Xtj2pG_k0DxMV8ixftCLyCkIlqC/view?usp=sharing
942 _cAVM
999 _c2553
_d2553